000 00713nam a2200253Ia 4500
003 OSt
005 20220928113709.0
006 a|||||r|||| 00| 0
007 ta
008 220927b |||||||| |||| 00| 0 eng d
020 _cUKP 130.00
024 _a140489
037 _b62, 18/02/2019, Kiran Book Service
_cTextual
040 _aSDCL
_cSDCL
_beng
041 _2eng
_aeng
082 _aQ1'P, Q8
100 _aHoward Casey
_9434530
245 0 _aWorld religions
260 _aUnited
_bkingdom Ed tech press
_c2018
300 _avii,308p.
_ccm.
650 _aSanskrit
_9391587
942 _hQ1'P, Q8
_cTEXL
_2CC
999 _c750852
_d750852